| 000 | 00997nam a2200253Ia 4500 | ||
|---|---|---|---|
| 003 | OSt | ||
| 005 | 20221005112138.0 | ||
| 006 | a|||||r|||| 00| 0 | ||
| 007 | ta | ||
| 008 | 221004b |||||||| |||| 00| 0 pan d | ||
| 020 |
_a8172053207 _c275 |
||
| 024 | _a80597 | ||
| 037 |
_b567, 02/02/2012, H.K. Prakashan _cTextual |
||
| 040 |
_aCRL _cCRL _bpan |
||
| 041 |
_2pan _apan |
||
| 082 | _aQ8441:21:g, 153P4 | ||
| 100 |
_aਰਤਨ ਸਿੰਘ, ਭੰਗੂl ਢਿੱਲੋ੍ਵ, ਬਲਵੰਤ ਸਿੰਘ, ਥਦ। _9624285 |
||
| 245 | 0 | _aਸ੍ਰੀ ਗੁਰ ਪੰਥ ਪ੍ਰਕਾ | |
| 260 |
_aਅੰਮ੍ਰਿਤਸਰ _bਸਿੰਘ ਬ੍ਰਦਰਗ਼ ਭਾਰਤ _c2004 |
||
| 300 |
_a448ਪੰ _ccm. |
||
| 650 | _aਧOਰੁ Fਸੱਢ | ||
| 942 |
_hQ8441:21:g, 153P4 _cTEXL _2cc |
||
| 999 |
_c1023954 _d1023954 |
||